Návrh opatrení na zlepšenie využitia kalkulácií ako nástroja controllingu nákladov pre zvýšenie hospodárnosti podniku ORGECO spol.s r.o., Nové Zámky
Enregistré dans:
| Auteur principal: | |
|---|---|
| Autres auteurs: | |
| Format: | Manuscrit Livre |
| Langue: | slovaque |
| Publié: |
2015
|
| Sujets: | |
| Accès en ligne: | http://is.stuba.sk/zp/portal_zp.pl?podrobnosti=112324 |
| Tags: |
Pas de tags, Soyez le premier à ajouter un tag!
|
MARC
| LEADER | 00000ntm a22000003a 4500 | ||
|---|---|---|---|
| 001 | stuzp50030 | ||
| 003 | SK-STU | ||
| 005 | 20160719153435.6 | ||
| 007 | ta | ||
| 008 | 150427s2015----xo-----f-mn---000-0-slo-d | ||
| 040 | |a STU |b slo | ||
| 041 | 0 | |a slo | |
| 100 | 1 | |a Spevák, Peter |u 064000 |4 aut |U MTF Materiálovotechnologická fakulta |T MTF Ústav priemyselného inžinierstva a manažmentu |X 42317 |U M4000 |Y 84 |7 42317 | |
| 242 | 0 | 1 | |a Recommendation of Measures to Improve the Usage of Calculations as Tools of Cost Controlling to Increase the Economic Efficiency of ORGECO Ltd. |y eng |
| 245 | 1 | 0 | |a Návrh opatrení na zlepšenie využitia kalkulácií ako nástroja controllingu nákladov pre zvýšenie hospodárnosti podniku ORGECO spol.s r.o., Nové Zámky |
| 260 | |c 2015 | ||
| 650 | 4 | |a controlling |2 slo | |
| 650 | 4 | |a kalkulácie |2 slo | |
| 650 | 4 | |a náklady |2 slo | |
| 650 | 4 | |a costs |2 eng | |
| 650 | 4 | |a controlling |2 eng | |
| 650 | 4 | |a calculations |2 eng | |
| 700 | 1 | |a Baran, Dušan |4 ths |X 1021 |7 A000001021 | |
| 856 | 4 | |u http://is.stuba.sk/zp/portal_zp.pl?podrobnosti=112324 | |
| 996 | |c M* BP-7297 |l MMSKP |s P |a 0 |w stuzp50030_0001 | ||
| SQL | |a stuzp50030 |b DBP |c SLO |d Návrh opatrení na zlepšenie využitia kalkulácií ako nástroja controllingu nákladov pre zvýšenie hospodárnosti podniku ORGECO spol.s r.o., Nové Zámky |e 42317 |f Spevák, Peter |g 064000 |h 1021 |i Baran, Dušan |j 20150624 |k 175 |l 06 |m http://is.stuba.sk/zp/portal_zp.pl?podrobnosti=112324 |n B-PMA |o 5.2.52. priemyselné inžinierstvo | ||